Chine et Inde: une comparaison des contraintes démographiques.
Krajiny s veľmi silným demografickým potenciálom. Rýchlejší rast obyvateľstva v Indii. Štruktúra podľa veku: kolísavosť v Číne, pravidelnosť v Indii. Štruktúra podľa pohlavia je veľmi nevyrovnaná. Stabilizácia indickej a čínskej populácie strednodobo málo pravdepodobná. Nedôvera k zamestnanosti. Pre...
Gespeichert in:
| 1. Verfasser: | |
|---|---|
| Weitere Verfasser: | |
| Format: | Buchkapitel |
| Sprache: | Französisch |
| Schlagworte: | |
| Tags: |
Keine Tags, Fügen Sie das erste Tag hinzu!
|
MARC
| LEADER | 00000naa a2200000 4500 | ||
|---|---|---|---|
| 001 | r010186 | ||
| 005 | 20220913124956.1 | ||
| 041 | 0 | |a fre | |
| 044 | |a FR | ||
| 245 | 1 | 0 | |a Chine et Inde: une comparaison des contraintes démographiques. |c M. Cartier, J. Véron |
| 520 | |a Krajiny s veľmi silným demografickým potenciálom. Rýchlejší rast obyvateľstva v Indii. Štruktúra podľa veku: kolísavosť v Číne, pravidelnosť v Indii. Štruktúra podľa pohlavia je veľmi nevyrovnaná. Stabilizácia indickej a čínskej populácie strednodobo málo pravdepodobná. Nedôvera k zamestnanosti. Pretrvávanie veľkých regionálnych rozdielov. (Economie prospective internationale 1992, č. 50.). | ||
| 610 | 2 | 0 | |a obyvateľstvo |
| 610 | 2 | 0 | |a Čína |
| 610 | 2 | 0 | |a India |
| 610 | 2 | 0 | |a pôrodnosť |
| 610 | 2 | 0 | |a vek |
| 610 | 2 | 0 | |a muži |
| 610 | 2 | 0 | |a ženy |
| 610 | 2 | 0 | |a 1951-2050 |
| 610 | 2 | 0 | |a vzdelávanie |
| 610 | 2 | 0 | |a zamestnanosť |
| 610 | 2 | 0 | |a tabuľky štatistické |
| 100 | 1 | |a Cartier, M. | |
| 700 | 1 | |a Véron, J. | |